|
|
|
|
| LEADER |
00000nam0a2200000 4500 |
| 001 |
329073 |
| 005 |
20231102004126.0 |
| 035 |
|
|
|a (RuTPU)RU\TPU\book\354813
|
| 090 |
|
|
|a 329073
|
| 100 |
|
|
|a 20170304d1979 km y0rusy50 ca
|
| 101 |
0 |
|
|a rus
|
| 102 |
|
|
|a RU
|
| 105 |
|
|
|a a z 001zy
|
| 200 |
1 |
|
|a Разрушение горных пород инфракрасным излучением
|f В. В. Кузнецов, Ю. И. Протасов
|
| 210 |
|
|
|a Москва
|c Недра
|d 1979
|
| 215 |
|
|
|a 351с.
|c ил.
|
| 320 |
|
|
|a Библиогр.: с. 346-349
|
| 606 |
1 |
|
|a Горные породы
|x Разрушение
|x Электрический метод
|2 stltpush
|3 (RuTPU)RU\TPU\subj\8032
|9 35526
|
| 610 |
1 |
|
|a инфракрасное излучение
|
| 610 |
1 |
|
|a физико-технические основы
|
| 610 |
1 |
|
|a режимы
|
| 610 |
1 |
|
|a горизонтальные выработки
|
| 610 |
1 |
|
|a вертикальные выработки
|
| 610 |
1 |
|
|a наклонные выработки
|
| 610 |
1 |
|
|a проходка
|
| 610 |
1 |
|
|a устойчивость
|
| 610 |
1 |
|
|a выемка
|
| 610 |
1 |
|
|a разработка месторождений
|
| 610 |
1 |
|
|a открытый способ
|
| 675 |
|
|
|a 622.236.7
|v 4
|
| 700 |
|
1 |
|a Кузнецов
|b В. В.
|g Виктор Викторович
|
| 701 |
|
1 |
|a Протасов
|b Ю. И.
|g Юрий Иванович
|
| 801 |
|
1 |
|a RU
|b 63413507
|c 20170304
|
| 801 |
|
2 |
|a RU
|b 63413507
|c 20170310
|g RCR
|
| 942 |
|
|
|c BK
|